000 00375nam a22001457a 4500
999 _c8923
_d8923
003 GBCCL
005 20241126110701.0
008 220131b ||||| |||| 00| 0 eng d
040 _cgbc
082 _aSOU VEN
_b2021
245 _aEBCC Vengnuam silver jubilee souvenir 1996-2021
260 _aVengnuam:
_bTBSUC, EBCC Vengnuam,
_c2021.
300 _a182p. ;
942 _2ddc
_cARCH